00508nam a2200181Ia 450000500170000000800410001702000230005804000190008104100120010008200160011210000180012824500590014626000510020530000120025650400190026865000290028785000100031620221107132130.0131103s9999 xx 000 0 und d a8170760070cRs.134 aLoreto College aEnglish a954.03bAHM aAhmad,Manzoor aIndian response to the second world warcManzoor Ahmad aNew DelhibIntellectual Publishing Housec1987 a292 p.  aIncludes index aHistory - Medieval India aLCLIB